[Event "Dutch League 2023-24"]
[Site "Netherlands NED"]
[Date "2024.04.20"]
[Round "9.3"]
[White "Ferreira, Jorge Viterbo"]
[Black "Ten Hertog, Hugo"]
[Result "0-1"]
[WhiteTitle "GM"]
[BlackTitle "GM"]
[WhiteElo "2522"]
[BlackElo "2519"]
[WhiteTeam "HMC Den Bosch"]
[BlackTeam "Paul Keres"]
[WhiteFideId "1910850"]
[BlackFideId "1026356"]
[EventDate "2023.09.16"]
[EventType "team"]

1. e4 c6 2. d4 d5 3. exd5 cxd5 4. Bd3 Nf6 5. c3 Bg4 6. Qb3 Qc7 7. h3 Bd7 8. Nf3
Nc6 9. O-O e6 10. Re1 Bd6 11. Qd1 O-O 12. Qe2 Ne7 13. Ne5 Ng6 14. Bg5 Bc6 15.
Nd2 Rae8 16. h4 Nd7 17. Nxg6 fxg6 18. h5 e5 19. hxg6 e4 20. gxh7+ Kh8 21. Bc2
Rf5 22. Qg4 Ref8 23. Be3 Qc8 24. c4 Nf6 25. Qe2 Rh5 26. cxd5 Qf5 27. dxc6 Rh1+
28. Kxh1 Qxh7+ 29. Qh5 Qxh5+ 30. Kg1 Ng4 31. Nf1 Bh2+ 32. Nxh2 Qxh2+ 33. Kf1 Qg3
34. Ke2 Rxf2+ 35. Bxf2 Qxf2+ 36. Kd1 e3 37. Rh1+ Kg8 38. Kc1 e2 39. Bb3+ Kf8 40.
cxb7 e1=Q+ 41. Rxe1 Qxe1+ 42. Bd1 Qe3+ 43. Kc2 Qe4+ 44. Kc3 Qc6+ 45. Kd3 Nf2+
46. Ke3 Nxd1+ 47. Rxd1 Qxb7 48. Rd2 Qd5 49. b3 Ke7 50. Kd3 Kd6 51. Rc2 Qf5+ 52.
Kd2 Qe4 53. Kc3 Kd5 54. Rd2 Qb1 55. Rc2 Qa1+ 56. Kb4 Qxd4+ 57. Ka3 Qg4 58. Kb2
Qg3 59. Ka3 g5 60. Kb2 g4 61. Ka3 Kd4 62. Kb2 Qe5 63. Rc3 g3 64. b4 Qe2+ 65. Rc2
Qe1 0-1

[Event "Dutch League 2023-24"]
[Site "Netherlands NED"]
[Date "2024.04.20"]
[Round "9.4"]
[White "Wemmers, Xander"]
[Black "Dijkhuis, Tycho"]
[Result "1/2-1/2"]
[WhiteTitle "IM"]
[BlackTitle "IM"]
[WhiteElo "2350"]
[BlackElo "2407"]
[WhiteTeam "Paul Keres"]
[BlackTeam "HMC Den Bosch"]
[WhiteFideId "1004182"]
[BlackFideId "1036564"]
[EventDate "2023.09.16"]
[EventType "team"]

1. d4 Nf6 2. c4 c5 3. d5 e6 4. Nc3 exd5 5. cxd5 d6 6. Nf3 g6 7. Nd2 a6 8. a4
Nbd7 9. e4 Bg7 10. Be2 O-O 11. O-O Re8 12. Ra3 Rb8 13. Re1 Qc7 14. a5 b5 15.
axb6 Nxb6 16. Bxa6 Bxa6 17. Rxa6 c4 18. Nf3 Nfd7 19. Nd4 Nc5 20. Ncb5 Qc8 21.
Ra7 Nd3 22. Re2 Nxd5 23. exd5 Rxe2 24. Qxe2 Nxc1 25. Qe7 Qf8 26. Qxf8+ Bxf8 27.
Rc7 Ne2+ 28. Kf1 Nxd4 29. Nxd4 Bg7 30. Nc2 Bxb2 31. Rxc4 Be5 32. g3 Rb5 33. f4
Bf6 34. Ne3 Kg7 35. Ke2 Rb2+ 36. Rc2 Rb3 37. Nc4 Be7 38. Na5 Rb5 39. Nc6 Bf6 40.
Rd2 h5 41. h3 Bb2 42. Rd3 Bf6 43. g4 hxg4 44. hxg4 g5 45. fxg5 Bxg5 46. Nd4 Rb4
47. Kf3 Kg6 48. Nf5 Rf4+ 49. Kg3 Rb4 50. Kf3 Rf4+ 51. Kg3 Rb4 52. Kf3 1/2-1/2

[Event "Dutch League 2023-24"]
[Site "Netherlands NED"]
[Date "2024.04.20"]
[Round "9.5"]
[White "Burg, Twan"]
[Black "Lombaers, Peter"]
[Result "0-1"]
[WhiteTitle "GM"]
[BlackTitle "FM"]
[WhiteElo "2509"]
[BlackElo "2359"]
[WhiteTeam "HMC Den Bosch"]
[BlackTeam "Paul Keres"]
[WhiteFideId "1010697"]
[BlackFideId "1032852"]
[EventDate "2023.09.16"]
[EventType "team"]

1. d4 Nf6 2. c4 e6 3. Nc3 c5 4. d5 exd5 5. cxd5 d6 6. Nf3 g6 7. Nd2 Bg7 8. e4
O-O 9. Be2 Na6 10. O-O Nc7 11. a4 Re8 12. Re1 b6 13. Rb1 Rb8 14. h3 Bd7 15. Qb3
b5 16. axb5 Nxb5 17. Nxb5 a6 18. Qc2 Bxb5 19. Bxb5 axb5 20. Rd1 c4 21. Ra1 Qb6
22. Kf1 Re7 23. g4 Rbe8 24. f3 Nd7 25. Nb1 f5 26. Re1 fxe4 27. fxe4 Nc5 0-1

[Event "Dutch League 2023-24"]
[Site "Netherlands NED"]
[Date "2024.04.20"]
[Round "9.6"]
[White "Hommerson, Paul"]
[Black "Schoorl, Rob"]
[Result "1/2-1/2"]
[WhiteTitle "FM"]
[BlackTitle "FM"]
[WhiteElo "2288"]
[BlackElo "2341"]
[WhiteTeam "Paul Keres"]
[BlackTeam "HMC Den Bosch"]
[WhiteFideId "1025325"]
[BlackFideId "1009508"]
[EventDate "2023.09.16"]
[EventType "team"]

1. d4 Nf6 2. c4 c5 3. d5 g6 4. Nc3 Bg7 5. e4 d6 6. Nf3 O-O 7. h3 e6 8. Bd3 exd5
9. exd5 Re8+ 10. Be3 Bh6 11. O-O Bxe3 12. fxe3 Qe7 13. Rf2 Nbd7 14. Qc2 Rf8 15.
Raf1 Ne8 16. Ne4 f5 17. Neg5 Ne5 18. e4 f4 19. Qc3 Ng7 20. Nxe5 dxe5 21. Nf3 Re8
22. Bc2 Qd6 23. Ba4 Re7 24. Nxe5 Qxe5 25. Rxf4 Bf5 26. Qxe5 Rxe5 27. exf5 Nxf5
28. Bd7 Ng3 29. Be6+ Rxe6 30. dxe6 Ne2+ 31. Kh2 Nxf4 32. Rxf4 Re8 33. Rf7 Rxe6
34. Rxb7 Ra6 35. a3 Ra4 36. b4 Rxa3 37. bxc5 Ra6 38. Kg3 Rc6 39. Rxa7 Rxc5 40.
Ra4 Kf7 41. Kf4 Ke6 42. Ke4 Rg5 43. Ra2 Kd6 44. Kd4 Kc6 45. Kc3 Rg3+ 46. Kb4 h5
47. Rf2 h4 48. Rf6+ Kc7 49. Rf4 Rxg2 50. Rxh4 g5 51. Rh7+ Kc6 52. Rh6+ Kc7 53.
Kb5 g4 54. Rh7+ Kd8 55. h4 g3 56. Kc6 Re2 57. Rg7 Re6+ 58. Kb5 Rh6 59. c5 Rxh4
60. Kb6 Rb4+ 61. Kc6 Rb3 62. Rg8+ Ke7 63. Kc7 Ke6 64. c6 Kf5 65. Kd6 Rd3+ 66.
Kc5 Rc3+ 67. Kd6 Kf4 68. c7 Kf3 69. Rf8+ Ke2 70. Re8+ Kf2 71. Rf8+ Ke2 72. c8=Q
Rxc8 73. Rxc8 g2 74. Rg8 Kf2 75. Rxg2+ Kxg2 1/2-1/2

[Event "Dutch League 2023-24"]
[Site "Netherlands NED"]
[Date "2024.04.20"]
[Round "9.7"]
[White "Broekmeulen, Jasper"]
[Black "Kokje, Joris"]
[Result "1/2-1/2"]
[WhiteTitle "IM"]
[BlackTitle "FM"]
[WhiteElo "2387"]
[BlackElo "2288"]
[WhiteTeam "HMC Den Bosch"]
[BlackTeam "Paul Keres"]
[WhiteFideId "1013440"]
[BlackFideId "1051024"]
[EventDate "2023.09.16"]
[EventType "team"]

1. e4 c5 2. Nf3 d6 3. Nc3 a6 4. d4 cxd4 5. Nxd4 Nf6 6. f4 e6 7. Qf3 Qc7 8. g4 b5
9. a3 Bb7 10. g5 Nfd7 11. h4 d5 12. exd5 Nb6 13. Bg2 Nxd5 14. Nxd5 Bxd5 15. Qf2
Qb7 16. O-O Bc5 17. Be3 O-O 18. Rad1 Bxd4 19. Bxd5 Qxd5 20. Rxd4 Qf5 21. Qf3 Ra7
22. Rfd1 Rc7 23. c3 Nc6 24. Re4 Ne7 25. Re5 Qc2 26. Rd2 Qb1+ 27. Qd1 Qxd1+ 28.
Rxd1 Ng6 29. Re4 Nxh4 30. Rd6 Ra8 31. Bb6 Rb7 32. a4 Nf5 33. Rc6 Rd7 34. a5 Rd2
35. b4 Ng3 36. Re1 h5 37. gxh6 gxh6 38. Be3 Rc2 39. Rd1 Rxc3 40. Rxc3 Ne2+ 41.
Kf2 Nxc3 42. Rg1+ Kh7 43. Bd4 Ne4+ 44. Kf3 Nd2+ 45. Ke2 Rd8 46. Bf6 Rd5 47. Rg7+
Kh8 48. Rg5+ Kh7 49. Rxd5 exd5 50. Kxd2 Kg6 51. Bd8 Kf5 52. Ke3 h5 53. Kd4 f6
54. Kxd5 h4 55. Bb6 h3 56. Bg1 Kxf4 57. Bh2+ Ke3 58. Ke6 Kd3 59. Kxf6 Kc4 60.
Bd6 h2 61. Bxh2 Kxb4 62. Bc7 Kc4 63. Ke6 b4 64. Be5 Kb5 65. Kd5 Kxa5 66. Kc4 Ka4
67. Bb2 a5 68. Bc1 b3 69. Bb2 1/2-1/2

[Event "Dutch League 2023-24"]
[Site "Netherlands NED"]
[Date "2024.04.20"]
[Round "9.8"]
[White "Ondersteijn, Niels"]
[Black "Van der Stricht, Geert"]
[Result "1-0"]
[WhiteTitle "IM"]
[BlackTitle "IM"]
[WhiteElo "2363"]
[BlackElo "2303"]
[WhiteTeam "Paul Keres"]
[BlackTeam "HMC Den Bosch"]
[WhiteFideId "1011162"]
[BlackFideId "201324"]
[EventDate "2023.09.16"]
[EventType "team"]

1. c4 e6 2. g3 d5 3. Bg2 Nf6 4. Nf3 Be7 5. O-O O-O 6. b3 c5 7. cxd5 exd5 8. d4
Nc6 9. Nc3 Ne4 10. Bb2 Bf6 11. Na4 Re8 12. Rc1 b6 13. dxc5 Bxb2 14. Nxb2 Nxc5
15. Re1 Qf6 16. Nd3 Nxd3 17. Qxd3 Rd8 18. Qc3 Qxc3 19. Rxc3 Bb7 20. Rd1 Rac8 21.
Rcd3 Ba6 22. R3d2 d4 23. Bh3 Rb8 24. Bf1 Re8 25. a3 g6 26. Rc2 Rbc8 27. Rdc1 Re6
28. e3 d3 29. Rc3 Rd6 30. Nd2 Kg7 31. e4 Ne7 32. Rxc8 Bxc8 33. Rc7 Kf8 34. f4 a5
35. Kf2 Ba6 36. Ke3 a4 37. bxa4 f6 38. Rc3 Nc6 39. Bxd3 Bb7 40. Nc4 Re6 41. Nxb6
Ne7 42. Nd7+ Ke8 43. Nc5 Nd5+ 44. Kd4 Nxc3 45. Nxe6 Nxa4 46. Nc5 Bc6 47. Nxa4
Bxa4 48. Kc5 1-0

[Event "Dutch League 2023-24"]
[Site "Netherlands NED"]
[Date "2024.04.20"]
[Round "9.9"]
[White "Mollema, Thomas"]
[Black "Van de Griendt, Jan Willem"]
[Result "1-0"]
[WhiteTitle "CM"]
[BlackTitle "IM"]
[WhiteElo "2227"]
[BlackElo "2372"]
[WhiteTeam "HMC Den Bosch"]
[BlackTeam "Paul Keres"]
[WhiteFideId "1034987"]
[BlackFideId "1002112"]
[EventDate "2023.09.16"]
[EventType "team"]

1. e4 c5 2. Nf3 e6 3. c3 d5 4. exd5 exd5 5. d4 Nc6 6. Bb5 Bd6 7. O-O Ne7 8. Re1
O-O 9. dxc5 Bxc5 10. Be3 Bd6 11. Nbd2 Nf5 12. Nf1 h6 13. Qd2 Be6 14. Bf4 Bc5 15.
Ne3 Nd6 16. Bxd6 Qxd6 17. b4 Bxe3 18. Qxe3 a5 19. a3 Ne7 20. Bd3 axb4 21. cxb4
Rfe8 22. Nd4 Bd7 23. Qd2 Kf8 24. Bc2 Qf6 25. Bb3 Red8 26. a4 Nf5 27. Nf3 Be6 28.
Bc2 Nd6 29. Nd4 Bf5 30. Bxf5 Nxf5 31. Nxf5 Qxf5 32. Qd4 Qf6 33. Re5 Rac8 34.
Rae1 Qd6 35. Qf4 Qd7 36. a5 d4 37. Qe4 f6 38. Re7 Re8 39. Rxe8+ Rxe8 40. Qxe8+
Qxe8 41. Rxe8+ Kxe8 42. b5 Kd7 43. Kf1 Kd6 44. Ke2 Kc5 45. a6 Kd5 1-0

[Event "Dutch League 2023-24"]
[Site "Netherlands NED"]
[Date "2024.04.20"]
[Round "9.10"]
[White "Breukelman, Jan"]
[Black "Martens, Martin"]
[Result "1/2-1/2"]
[WhiteTitle "FM"]
[BlackTitle "IM"]
[WhiteElo "2411"]
[BlackElo "2313"]
[WhiteTeam "Paul Keres"]
[BlackTeam "HMC Den Bosch"]
[WhiteFideId "1015583"]
[BlackFideId "1000683"]
[EventDate "2023.09.16"]
[EventType "team"]

1. d4 Nf6 2. Nf3 d5 3. g3 e6 4. Bg2 c5 5. c4 dxc4 6. Qa4+ Nbd7 7. O-O a6 8. Qxc4
b5 9. Qb3 Bb7 10. a4 b4 11. Bg5 Bd5 12. Qd1 h6 13. Bxf6 Nxf6 14. a5 Be7 15. dxc5
Bxc5 16. Qa4+ Qd7 17. Qxd7+ Nxd7 18. Nbd2 Ke7 19. Ne1 Bxg2 20. Kxg2 Ne5 21. Ndf3
Nxf3 22. Kxf3 b3 23. Nd3 Bd6 24. Rfc1 Rhb8 25. e4 Rb5 26. Ke3 f5 1/2-1/2

[Event "Dutch League 2023-24"]
[Site "Netherlands NED"]
[Date "2024.04.20"]
[Round "9.1"]
[White "O'Donnell, Conor"]
[Black "Warmerdam, Max"]
[Result "0-1"]
[WhiteTitle "FM"]
[BlackTitle "GM"]
[WhiteElo "2293"]
[BlackElo "2633"]
[WhiteTeam "Zukertort Amstelveen"]
[BlackTeam "AMEVO Apeldoorn"]
[WhiteFideId "2504243"]
[BlackFideId "1048104"]
[EventDate "2023.09.16"]
[EventType "team"]

1. d4 d5 2. c4 e6 3. Nc3 Nf6 4. cxd5 exd5 5. Bg5 c6 6. e3 h6 7. Bh4 Be7 8. Bd3
O-O 9. Bg3 Re8 10. h3 Bf8 11. Nf3 Ne4 12. Bxe4 dxe4 13. Nd2 Bf5 14. O-O Nd7 15.
a3 Nf6 16. b4 a5 17. Qb3 Nh5 18. Bh2 Qh4 19. Ne2 b5 20. d5 Rad8 21. Nc3 Bd6 22.
Bxd6 Rxd6 23. f4 Bxh3 24. Ndxe4 Rg6 25. Ra2 Bf5 26. dxc6 Rxe4 27. Nxe4 Bxe4 28.
c7 Rc6 29. Qd1 Rxc7 30. Qd6 Ng3 31. Qxc7 Qh1+ 32. Kf2 Qxg2+ 33. Ke1 Qxf1+ 0-1

[Event "Dutch League 2023-24"]
[Site "Netherlands NED"]
[Date "2024.04.20"]
[Round "9.2"]
[White "Beerdsen, Thomas"]
[Black "Peelen, Piet"]
[Result "1-0"]
[WhiteTitle "GM"]
[BlackTitle "IM"]
[WhiteElo "2504"]
[BlackElo "2343"]
[WhiteTeam "AMEVO Apeldoorn"]
[BlackTeam "Zukertort Amstelveen"]
[WhiteFideId "1030108"]
[BlackFideId "1000403"]
[EventDate "2023.09.16"]
[EventType "team"]

1. e4 c6 2. d4 d5 3. f3 e6 4. Nc3 Bb4 5. Bd2 dxe4 6. Nxe4 Be7 7. Be3 Nf6 8. Qd2
O-O 9. O-O-O Nd5 10. f4 Nxe3 11. Qxe3 Nd7 12. Nf3 Qa5 13. Kb1 c5 14. Bd3 cxd4
15. Nxd4 Nc5 16. Nb3 Nxb3 17. axb3 Bd7 18. Qh3 Rfd8 19. Nd6 Bxd6 20. Bxh7+ Kf8
21. Rxd6 Bc6 22. Rxd8+ Rxd8 23. Bd3 Qd2 24. f5 Qxg2 25. Qh8+ Ke7 26. Qh4+ Kd7
27. fxe6+ fxe6 28. Rd1 Bd5 29. c4 Qf3 30. Bc2 1-0

[Event "Dutch League 2023-24"]
[Site "Netherlands NED"]
[Date "2024.04.20"]
[Round "9.3"]
[White "De Winter, Arthur"]
[Black "Van Delft, Merijn"]
[Result "1/2-1/2"]
[WhiteTitle "IM"]
[BlackTitle "IM"]
[WhiteElo "2413"]
[BlackElo "2379"]
[WhiteTeam "Zukertort Amstelveen"]
[BlackTeam "AMEVO Apeldoorn"]
[WhiteFideId "1069020"]
[BlackFideId "1004670"]
[EventDate "2023.09.16"]
[EventType "team"]

1. e4 c5 2. Nf3 d6 3. d4 cxd4 4. Nxd4 Nf6 5. Nc3 a6 6. f3 e6 7. g4 b5 8. a3 Bb7
9. g5 Nfd7 10. Be3 Nb6 11. f4 N8d7 12. Bd3 Rc8 13. Rg1 Nc4 14. Bxc4 Rxc4 15. f5
e5 16. Nde2 Bxe4 17. b3 Rxc3 18. Nxc3 Bxf5 19. Qd2 Qc8 20. Nd5 Be7 21. O-O-O Bd8
22. h4 O-O 23. h5 Nc5 24. Bxc5 Qxc5 25. Kb2 a5 26. Rg3 Be6 27. Nf6+ Kh8 28. Ne4
Qd4+ 29. Qxd4 exd4 30. Nxd6 f5 31. Nxb5 f4 32. Nxd4 Bc8 33. Rgg1 h6 34. gxh6
gxh6 35. Kc1 Be7 36. a4 f3 37. Kd2 f2 38. Rgf1 Bg5+ 39. Kd3 Bg4 40. Ra1 Bxh5 41.
c3 Bg6+ 42. Ke2 Bh5+ 43. Kd3 Bg6+ 44. Ke2 Bh5+ 1/2-1/2

[Event "Dutch League 2023-24"]
[Site "Netherlands NED"]
[Date "2024.04.20"]
[Round "9.4"]
[White "Kuipers, Stefan"]
[Black "Van Gisbergen, Stan"]
[Result "1-0"]
[WhiteTitle "IM"]
[BlackTitle "FM"]
[WhiteElo "2444"]
[BlackElo "2262"]
[WhiteTeam "AMEVO Apeldoorn"]
[BlackTeam "Zukertort Amstelveen"]
[WhiteFideId "1018400"]
[BlackFideId "1002066"]
[EventDate "2023.09.16"]
[EventType "team"]

1. e4 e5 2. Nf3 Nc6 3. Bc4 Nf6 4. d3 Be7 5. O-O O-O 6. Re1 d6 7. a4 Na5 8. Ba2
c5 9. c3 Nc6 10. Na3 Be6 11. Bxe6 fxe6 12. Nc2 Qd7 13. b4 cxb4 14. cxb4 a6 15.
Bb2 b5 16. d4 exd4 17. Ncxd4 Nxb4 18. Ng5 e5 19. Qb3+ d5 20. Nf5 Kh8 21. Bxe5
Bc5 22. Bd4 bxa4 23. Rxa4 Bxd4 24. Nxd4 Nd3 25. Qxd3 Qxa4 26. exd5 Qa5 27. Ngf3
Rfe8 28. Rc1 Qxd5 29. h3 a5 30. Rc7 Rec8 31. Rxc8+ Rxc8 32. Qa3 Qc5 33. Qa2 Ne4
34. Qe6 Qc1+ 35. Kh2 Qc7+ 36. Kg1 Nc5 37. Qd5 Qd8 38. Qa2 h6 39. Nf5 Qf6 40. Ne3
a4 41. Ng4 Qe6 42. Qa1 Ra8 43. Qa3 Ne4 44. Nge5 Nd2 45. Nh4 Kg8 46. Nhg6 Nb1 47.
Ne7+ Kh7 48. Qd3+ g6 49. N7xg6 Kg7 50. Qxb1 Qa6 51. Qf5 Qb7 52. Nf4 a3 53. Ne6+
Kg8 54. Qg6+ Kh8 55. Nd4 1-0

[Event "Dutch League 2023-24"]
[Site "Netherlands NED"]
[Date "2024.04.20"]
[Round "9.5"]
[White "Strating, Sybolt"]
[Black "Zwirs, Nico"]
[Result "0-1"]
[WhiteTitle "FM"]
[BlackTitle "IM"]
[WhiteElo "2313"]
[BlackElo "2480"]
[WhiteTeam "Zukertort Amstelveen"]
[BlackTeam "AMEVO Apeldoorn"]
[WhiteFideId "1002694"]
[BlackFideId "1036432"]
[EventDate "2023.09.16"]
[EventType "team"]

1. d4 d5 2. c4 e6 3. Nc3 Nf6 4. Nf3 Nbd7 5. cxd5 exd5 6. Bf4 Bb4 7. e3 Ne4 8.
Qb3 c5 9. Rc1 Qa5 10. a3 Bxc3+ 11. bxc3 O-O 12. Be2 Re8 13. O-O c4 14. Qb4 Qxb4
15. axb4 Nb6 16. Bd1 Bd7 17. Ng5 Nd2 18. Re1 Nb3 19. Rc2 Na4 20. g4 f6 21. Nh3
Be6 22. Bg3 Bf7 23. f4 h5 24. f5 hxg4 25. Nf4 a5 26. bxa5 Rxa5 27. Bxg4 Nb6 28.
Bf3 Rea8 29. e4 dxe4 30. Bxe4 Ra2 31. Ree2 Rxc2 32. Rxc2 Ra1+ 33. Kf2 Na5 34.
Rb2 Na4 35. Rc2 Ra3 36. Ne2 Nc6 37. d5 Nc5 38. Ke3 Ne5 39. Rb2 Ned7 40. d6 Ra8
41. Bb1 Re8+ 42. Kf2 Bd5 43. Nd4 Kf7 44. Re2 Be4 45. Bc2 Bxc2 46. Rxc2 Ne5 47.
Kf1 Ne4 48. Nb5 Rd8 49. Bxe5 fxe5 50. Re2 Nxd6 51. Rxe5 Nxb5 52. Rxb5 Rd3 53.
Rxb7+ Kf6 54. Rc7 Rxc3 55. Ke2 Rc2+ 56. Kd1 Rxh2 57. Rxc4 Rf2 58. Ke1 Rxf5 59.
Rg4 g5 60. Ke2 Kg6 61. Ra4 Kh5 62. Rb4 g4 63. Rb3 Kh4 64. Ra3 g3 65. Ra8 Kh3 66.
Ke3 g2 67. Rh8+ Kg3 68. Rg8+ Kh2 69. Rh8+ Kg1 70. Ra8 Rf7 71. Rb8 Rh7 0-1

[Event "Dutch League 2023-24"]
[Site "Netherlands NED"]
[Date "2024.04.20"]
[Round "9.6"]
[White "Pruijssers, Roeland"]
[Black "Krudde, Fitzgerald"]
[Result "1/2-1/2"]
[WhiteTitle "GM"]
[BlackTitle "FM"]
[WhiteElo "2520"]
[BlackElo "2249"]
[WhiteTeam "AMEVO Apeldoorn"]
[BlackTeam "Zukertort Amstelveen"]
[WhiteFideId "1013068"]
[BlackFideId "1001175"]
[EventDate "2023.09.16"]
[EventType "team"]

1. d4 Nf6 2. Bf4 b5 3. e4 Nxe4 4. Bxb5 Bb7 5. Nf3 g6 6. O-O Bg7 7. Re1 O-O 8.
Bd3 Nf6 9. c4 d6 10. Nc3 Nbd7 11. Bg5 Rb8 12. b3 Re8 13. Rc1 a5 14. h3 e5 15.
Bf1 Bxf3 16. Qxf3 exd4 17. Rxe8+ Qxe8 18. Nb5 c5 19. Nxd6 Qe7 20. Nb5 Re8 21.
Bd2 Ne4 22. Bxa5 Ra8 23. b4 f5 24. a3 Ne5 25. Qe2 Bh6 26. Rd1 Nc6 27. Bb6 cxb4
28. Nxd4 Qb7 29. c5 Nxd4 30. Rxd4 bxa3 31. Qa2+ Kg7 32. Bb5 Nc3 33. Qa1 a2 34.
Rd7+ Qxd7 35. Bxd7 Kh8 36. Ba5 Rxa5 37. Qxc3+ Bg7 38. Qxa5 a1=Q+ 39. Qxa1 Bxa1
40. Kf1 Bd4 41. c6 Bb6 42. Ke2 Kg7 43. f4 1/2-1/2

[Event "Dutch League 2023-24"]
[Site "Netherlands NED"]
[Date "2024.04.20"]
[Round "9.7"]
[White "Van der Eijk, Martijn"]
[Black "Lammens, Tim"]
[Result "1/2-1/2"]
[BlackTitle "FM"]
[WhiteElo "2232"]
[BlackElo "2238"]
[WhiteTeam "Zukertort Amstelveen"]
[BlackTeam "AMEVO Apeldoorn"]
[WhiteFideId "1026534"]
[BlackFideId "1008803"]
[EventDate "2023.09.16"]
[EventType "team"]

1. e4 c6 2. d4 d5 3. e5 Bf5 4. Nf3 e6 5. Be2 Nd7 6. O-O a5 7. c3 a4 8. Be3 Bg6
9. b3 axb3 10. Qxb3 b5 11. a4 Nb6 12. Nbd2 bxa4 13. Qa2 Nh6 14. Bg5 Be7 15. Bxe7
Qxe7 16. c4 O-O 17. c5 Nd7 18. Rfe1 Rfb8 19. Bd1 Qd8 20. Re3 f6 21. exf6 Qxf6
22. Ra3 Nxc5 23. Ne5 Nf5 24. Nxc6 Nxd4 25. Nxb8 Rxb8 26. Rxa4 Nxa4 27. Qxa4 h6
28. Nf3 Nxf3+ 29. Bxf3 Qxa1+ 30. Qxa1 Rb1+ 31. Qxb1 Bxb1 32. Kf1 Kf7 33. Ke2 Kf6
34. Ke3 Ke5 35. Bd1 d4+ 36. Kd2 g5 37. Bh5 Bf5 38. Be2 Kd5 39. Bd1 e5 40. Bb3+
Kd6 41. Bd1 e4 42. Be2 Ke5 43. Bd1 Kf4 44. g3+ Ke5 45. Be2 Bg6 46. Bb5 h5 47.
Ba4 h4 48. Bb5 Bf7 49. Be2 Be6 50. Bd1 Bh3 51. Ba4 Bg4 52. Bb5 Be6 53. Be2 Kf5
54. Bd1 Bc4 55. Bh5 Bf1 56. Bd1 Bg2 57. Bh5 Bf3 58. Be8 Ke5 59. Bd7 Bh5 60. Ba4
Bf7 61. Bd1 Kf5 62. Be2 Bb3 1/2-1/2

[Event "Dutch League 2023-24"]
[Site "Netherlands NED"]
[Date "2024.04.20"]
[Round "9.8"]
[White "Rijnaarts, Sjef"]
[Black "Schilstra, Laurens"]
[Result "0-1"]
[WhiteTitle "FM"]
[WhiteElo "2276"]
[BlackElo "2154"]
[WhiteTeam "AMEVO Apeldoorn"]
[BlackTeam "Zukertort Amstelveen"]
[WhiteFideId "1014870"]
[BlackFideId "1043218"]
[EventDate "2023.09.16"]
[EventType "team"]

1. e4 d6 2. d4 Nf6 3. Nc3 Nbd7 4. Nf3 e5 5. h3 c6 6. Be3 Be7 7. Bd3 Qc7 8. O-O
O-O 9. a4 a5 10. Re1 Re8 11. Qb1 Bf8 12. Qa2 exd4 13. Bxd4 Ne5 14. Nxe5 dxe5 15.
Be3 Bb4 16. Bd2 Be6 17. b3 Nh5 18. Rad1 Nf4 19. Bf1 Rad8 20. Qa1 Qe7 21. Nb1
Bxd2 22. Nxd2 Qg5 23. g3 Nxh3+ 24. Bxh3 Bxh3 25. Nf3 Qf6 26. Nxe5 g5 27. Rxd8
Rxd8 28. Nc4 Qf3 29. Ne3 Rd2 30. Rf1 Bxf1 31. Qxf1 Qxe4 32. Qe1 Qd4 33. Kg2 Qd7
34. Ng4 Qd5+ 35. Kh2 Rd1 0-1

[Event "Dutch League 2023-24"]
[Site "Netherlands NED"]
[Date "2024.04.20"]
[Round "9.9"]
[White "Los, Sander"]
[Black "Adams, Oscar"]
[Result "1-0"]
[WhiteTitle "FM"]
[WhiteElo "2282"]
[BlackElo "1898"]
[WhiteTeam "Zukertort Amstelveen"]
[BlackTeam "AMEVO Apeldoorn"]
[WhiteFideId "1000527"]
[BlackFideId "1091107"]
[EventDate "2023.09.16"]
[EventType "team"]

1. c4 e5 2. Nc3 d6 3. g3 g6 4. Bg2 Bg7 5. Nf3 Ne7 6. d4 O-O 7. O-O exd4 8. Nxd4
Nbc6 9. Be3 Be6 10. Nd5 Nf5 11. Nxf5 Bxf5 12. Qd2 Ne5 13. Rac1 c6 14. Nf4 Qc7
15. Rfd1 Rad8 16. b3 Rfe8 17. h3 b6 18. Bd4 Bc8 19. Kh2 h5 20. e3 Bf6 21. Kh1
Bf5 22. b4 Qd7 23. b5 c5 24. Ba1 Qc8 25. e4 Be6 26. Nxe6 fxe6 27. f4 Nd7 28. e5
dxe5 29. fxe5 Bg7 30. Qg5 Nf8 31. Bc6 Nh7 32. Qxg6 Rf8 33. Be4 1-0